000 00250nam a22001097a 4500
082 _a621.381 DEL'E
100 _aDELANEY, CYRIL
_978195
245 _aELECTRONICS FOR THE PHYSICIST
260 _aENGLAND
_bPANGUIN
_c1969
300 _a256P
942 _cBK
999 _c583357
_d583357